Cultures and organizations (Record no. 139123)

MARC details
000 -LEADER
fixed length control field nam a22 7a 4500
005 - DATE AND TIME OF LATEST TRANSACTION
control field 20180314100818.0
008 - FIXED-LENGTH DATA ELEMENTS--GENERAL INFORMATION
fixed length control field 180314b nyu||||| |||| 00| 0 eng d
020 ## - INTERNATIONAL STANDARD BOOK NUMBER
International Standard Book Number 0071439595
050 04 - LIBRARY OF CONGRESS CALL NUMBER
Classification number HM1211
Item number H64 2005
100 1# - MAIN ENTRY--PERSONAL NAME
Personal name Hofstede, Geert
245 10 - TITLE STATEMENT
Title Cultures and organizations
Remainder of title : software of the mind
Statement of responsibility, etc / Geert Hofstede and Gert Jan Hofstede.
250 ## - EDITION STATEMENT
Edition statement 1a ed.
260 ## - PUBLICATION, DISTRIBUTION, ETC. (IMPRINT)
Place of publication, distribution, etc New York :
Name of publisher, distributor, etc McGraw-Hill,
Date of publication, distribution, etc c2005
300 ## - PHYSICAL DESCRIPTION
Extent xii, 434 p. ;
Dimensions 23 cm.
504 ## - BIBLIOGRAPHY, ETC. NOTE
Bibliography, etc Bibliogrfafía : p. 405-421
504 ## - BIBLIOGRAPHY, ETC. NOTE
Bibliography, etc Incluye indices
650 #7 - SUBJECT ADDED ENTRY--TOPICAL TERM
Source of heading or term lemb
Topical term or geographic name as entry element Comunicación intercultural
650 #7 - SUBJECT ADDED ENTRY--TOPICAL TERM
Source of heading or term lemb
Topical term or geographic name as entry element Organización
General subdivision Investigación
650 #7 - SUBJECT ADDED ENTRY--TOPICAL TERM
Source of heading or term lemb
Topical term or geographic name as entry element Cooperación internacional
650 #7 - SUBJECT ADDED ENTRY--TOPICAL TERM
Source of heading or term lemb
Topical term or geographic name as entry element Características nacionales
650 #7 - SUBJECT ADDED ENTRY--TOPICAL TERM
Source of heading or term lemb
Topical term or geographic name as entry element Etnopsicología
650 #7 - SUBJECT ADDED ENTRY--TOPICAL TERM
Source of heading or term lemb
Topical term or geographic name as entry element Pluralismo cultural
700 1# - ADDED ENTRY--PERSONAL NAME
Personal name Hofstede, Gert Jan,
Relator term autor
942 ## - ADDED ENTRY ELEMENTS (KOHA)
Source of classification or shelving scheme Biblioteca del Cogreso de los Estados Unidos
Koha item type Libro
Holdings
Estado de pérdida Fuente de clasificación Estado del daño No para préstamo Ubicación permanente Ubicación actual Apartado o colección Fecha de adquisición Fuente de adquisición Edición Área del conocimiento Clasificación Código de Barras Date last seen Número de copia Tipo de recurso
  Biblioteca del Cogreso de los Estados Unidos     Biblioteca de la Facultad de Ingeniería Eléctrica Biblioteca de la Facultad de Ingeniería Eléctrica General 14/03/2018 Unidad Académica 1a ed. Educación y Humanidades HM1211 H64 2005 BIE000000920 14/03/2018 C:1 Libro